[Event "Zhukovsky op-B"]
[Site "Zhukovsky"]
[Date "2010.01.??"]
[Round "4"]
[White "Chumurin, Aleksandr"]
[Black "Buchkov, Nikolay"]
[Result "0-1"]
[WhiteElo "1914"]
[BlackElo "1869"]
[PlyCount "116"]
[EventDate "2010.01.??"]
[EventType "swiss"]
[EventRounds "7"]
[EventCountry "RUS"]
[SourceTitle "EXT 2012"]
[Source "ChessBase"]
[SourceDate "2011.11.24"]
[SourceVersion "1"]
[SourceVersionDate "2011.11.24"]
[SourceQuality "1"]

1. d4 d5 2. Nf3 c6 3. e3 Nf6 4. Be2 g6 5. 0-0 Bg7 6. Nbd2 0-0 7. b3 Nbd7 8. Bb2 Re8 9. c4 Nf8 10. Rc1 Bf5 11. Re1 h6 12. Nf1 Ne4 13. Bd3 g5 14. Qc2 e6 15. N1d2 Nxd2 16. Nxd2 Bxd3 17. Qxd3 f5 18. f3 Ng6 19. Nf1 Qf6 20. Ng3 Qf7 21. Rc2 f4 22. Nf1 fxe3 23. Nxe3 Nf4 24. Qd1 Rad8 25. Ng4 Qf5 26. Rc3 dxc4 27. bxc4 Bxd4+ 28. Qxd4 Qxg4 29. fxg4 Rxd4 30. Rb3 Rxc4 31. Rxb7 Rc2 32. g3 Rxb2 33. Rxb2 Nd3 34. Reb1 Nxb2 35. Rxb2 Re7 36. Rb8+ Kf7 37. Rc8 Kf6 38. Rxc6 Ke5 39. Rc8 Rh7 40. Kf2 Ke4 41. Rd8 e5 42. Rd6 h5 43. gxh5 Rxh5 44. Ra6 Rxh2+ 45. Kg1 Rd2 46. Rxa7 Ke3 47. Ra3+ Ke2 48. Ra5 e4 49. Rxg5 Rxa2 50. Kh2 e3 51. Kh3 Kd1 52. Re5 e2 53. g4 e1Q 54. Rxe1+ Kxe1 55. Kh4 Kf2 56. g5 Kf3 57. Kh5 Rh2+ 58. Kg6 Kg4 0-1

[Event "Zhukovsky Elo-B 08"]
[Site "Zhukovsky"]
[Date "2009.08.14"]
[Round "2"]
[White "Kuznetsov, Yuriy"]
[Black "Buchkov, Nikolay"]
[Result "1/2-1/2"]
[WhiteElo "1775"]
[BlackElo "1811"]
[PlyCount "88"]
[EventDate "2009.08.14"]
[EventType "swiss"]
[EventRounds "7"]
[EventCountry "RUS"]
[SourceTitle "EXT 2022"]
[Source "ChessBase"]
[SourceDate "2021.10.06"]
[SourceVersion "1"]
[SourceVersionDate "2021.10.06"]
[SourceQuality "1"]

1. d4 d5 2. Nf3 Nf6 3. c4 a6 4. e3 e6 5. Qc2 g6 6. Nc3 Nc6 7. a3 Bg7 8. b3 0-0 9. Bb2 Re8 10. Rd1 Qe7 11. Be2 Bd7 12. 0-0 dxc4 13. bxc4 Na7 14. Ne5 Nc6 15. Bf3 Nd8 16. Qb3 Rb8 17. a4 Nc6 18. Ba3 Qd8 19. Rb1 Na5 20. Qc2 Bf8 21. Bb4 Bxb4 22. Rxb4 b6 23. Rfb1 Bc8 24. Nc6 Nxc6 25. Bxc6 Bd7 26. Bf3 Qe7 27. a5 e5 28. dxe5 Qxe5 29. axb6 a5 30. R4b2 cxb6 31. Rxb6 Rbc8 32. Qd3 Bf5 33. e4 Be6 34. Nd5 Nd7 35. R6b5 Nc5 36. Qe3 Bxd5 37. Rxc5 Rxc5 38. Qxc5 Bxe4 39. Qxe5 Rxe5 40. Bxe4 Rxe4 41. Rc1 a4 42. Kf1 a3 43. f3 Re6 44. c5 Rc6 1/2-1/2